El lazarillo de Tormes / (Registro nro. 11070)

Detalles MARC
000 -LIDER
fixed length control field 01001nam a2200337 a 4500
001 - NÚMERO DE CONTROL
Identificador de número de control 0336
003 - IDENTIFICACDOR DE NÚMERO DE CONTROL
control field DO-SdBNP
005 - DATE AND TIME OF LATEST TRANSACTION
control field 20180209082203.0
007 - CAMPOS FIJOS DE DESCRIPCIÓN FÍSICA
fixed length control field 0336
008 - ELEMENTOS DE LONGITUD FIJA
fixed length control field 081127s1984 sp a 000 0 spa d
020 ## - ISBN
International Standard Book Number 8401905443
040 ## - FUENTE DE CATALOGACIÓN
Agencia que crea de manera original el registro BPMSU
Idioma de catalogación spa
Agencia que realiza la transcripción BPMSU
092 ## - LOCALLY ASSIGNED DEWEY DECIMAL CALL NUMBER
Número de clasificación 863.3
Número de ítem (Cutter) V648l
245 03 - MENCIÓN DE TITULO
Título El lazarillo de Tormes /
Subtítulo anónimo ; edición de Florencio Sevilla Arroyo
250 ## - MENCIÓN DE EDICION
Mención de edición
260 ## - PUBLICACIÓN, DISTRIBUCIÓN, ETC. (PIE DE IMPRENTA)
Lugar de publicación, distribución, etc Madrid :
Nombre del editor, distribuidor, etc. Plaza Janés,
Fecha de publicación, distribución, etc 1984
300 ## - DESCRIPCIÓN FÍSICA
Extensión 245 p.:
Otros detalles físicos il.;
Dimensiones 20 cm.
490 1# - MENCIÓN DE SERIES
Mención de serie Clásicos Plazas y Janés
-- Biblioteca crítica de autores españoles
500 ## - NOTA GENERAL
Nota general
505 0# - NOTA DE CONTENIDO
Título
650 #4 - ENCABEZAMIENTO DE MATERIA--TEMÁTICO
Término temático o nombre geográfico como elemento de entrada NOVELA ESPAÑOLA
650 #4 - ENCABEZAMIENTO DE MATERIA--TEMÁTICO
Término temático o nombre geográfico como elemento de entrada LITERATURA PICARESCA
650 #4 - ENCABEZAMIENTO DE MATERIA--TEMÁTICO
Término temático o nombre geográfico como elemento de entrada LITERATURA ESPAÑOLA
700 ## - ASIENTO SECUNDARIO -- NOMBRE PERSONAL
Nombre personal Sevilla Arroyo, Florencio
Mención de responsabilidad ed.
700 ## - ASIENTO SECUNDARIO -- NOMBRE PERSONAL
Nombre personal
Mención de responsabilidad
830 ## - ASIENTO SECUNDARIO DE SERIE--TÍTULO UNIFORME
Idioma de una obra
Título uniforme Clásicos Plazas y Janés
Nombre de la parte o sección de una obra Biblioteca crítica de autores españoles
910 ## - VALIDACIÓN
Validación
942 ## - ADDED ENTRY ELEMENTS (KOHA)
Source of classification or shelving scheme Dewey Decimal Classification
Koha item type Libros
945 ## - INFORMACIÓN DE PROCESAMIENTO LOCAL
Información de procesamiento local Inventariado extranjero / 2018 VM
956 ## - LOCAL ELECTRONIC LOCATION AND ACCESS (OCLC)
Número de acceso VMATEO
Información de compresión 10
Inicio de sesión 20160802
Procesador de solicitud BPMSU
Existencias
Withdrawn status Lost status Source of classification or shelving scheme Damaged status Not for loan Collection code Home library Current library Date acquired Source of acquisition Total Checkouts Barcode Date last seen Copy number Price effective from Koha item type
    Dewey Decimal Classification     Colección Juvenil General Biblioteca Pública Metropolitana Salomé Ureña Biblioteca Pública Metropolitana Salomé Ureña 08/02/2016 FUNDI   BPMSU16080014 08/02/2016 08/02/2016 Libros